Future pricing of property total returns changes since the credit crunch (Record no. 80237)

MARC details
000 -LEADER
fixed length control field 00895cab a22001935a 4500
001 - CONTROL NUMBER
control field L143588
008 - FIXED-LENGTH DATA ELEMENTS--GENERAL INFORMATION
fixed length control field 080520s2008 xxkad f s 000 0 eng d
035 ## - SYSTEM CONTROL NUMBER
System control number (Sirsi) u143588
041 0# - LANGUAGE CODE
Language code of text/sound track or separate title eng
100 1# - MAIN ENTRY--PERSONAL NAME
Personal name McNamara, Gary
245 00 - TITLE STATEMENT
Title Future pricing of property total returns changes since the credit crunch
260 ## - PUBLICATION, DISTRIBUTION, ETC.
Date of publication, distribution, etc. 2008
490 #0 - SERIES STATEMENT
Series statement Property Forecast
Volume/sequential designation April 2008, 16-17(2)
520 ## - SUMMARY, ETC.
Summary, etc. Uses property derivatives to predict the future performance of the property market. Examines the UK IPD All Property derivative pricing for what might be inferred for 2007, 2008 and 2009 at the beginning of the credit crunch in July 2007. Also looks at how the inferred total return has changed over time.
590 ## - LOCAL NOTE (RLIN)
Local note KA
651 #4 - SUBJECT ADDED ENTRY--GEOGRAPHIC NAME
Geographic name United Kingdom
Chronological subdivision
690 ## - LOCAL SUBJECT ADDED ENTRY--TOPICAL TERM (OCLC, RLIN)
Topical term or geographic name as entry element PROPERTY-COMMERCIAL PROPERTY- LEASEHOLD COMMERCIAL PROPERTY-COMMERCIAL LANDLORD AND TENANT-BUSINESS TENANCIES
942 ## - ADDED ENTRY ELEMENTS (KOHA)
Suppress in OPAC 0
Holdings
Withdrawn status Lost status Source of classification or shelving scheme Damaged status Not for loan Home library Current library Shelving location Date acquired Total Checkouts Full call number Barcode Date last seen Copy number Price effective from Koha item type
    Dewey Decimal Classification     London London Journal article 20/05/2008   L143588 143588-1001 06/08/2019 1 06/08/2019 Journal article